01609nam a22003854a 4500001001200000003000800012006001900020007001500039008004100054010001700095020001500112040002100127035002100148050002400169100001900193245012400212246002600336250001200362260008200374300002600456490001700482500002100499500002000520504005100540533015200591630005300743650005700796650006300853655002900916700002100945710009600966710001701062830001801079856012601097ebr10112357CaPaEBRm u cr cn|||||||||031014s2002 caua sb 001 0 eng  z 2003279177 z0738427039 aCaPaEBRcCaPaEBR a(OCoLC)56031215414aQA76.3b.D32 2002eb1 aDasgupta, Tim.10aIBM eserver certification study guide.pAIX 5L communicationsh[electronic resource] /c[Tim Dasgupta, Stephen Sommer].30aAIX 5L communications a2nd ed. a[United States?] :bIBM, International Technical Support Organization,c2002. axviii, 288 p. :bill.1 aIBM redbooks a"December 2002." a"SG24-6186-01." aIncludes bibliographical references and index. aElectronic reproduction.bPalo Alto, Calif. :cebrary,d2013.nAvailable via World Wide Web.nAccess may be limited to ebrary affiliated libraries.00aAIX (Computer file)xExaminationsvStudy guides. 0aElectronic data processing personnelxCertification. 0aOperating systems (Computers)xExaminationsvStudy guides. 7aElectronic books.2local1 aSommer, Stephen.2 aInternational Business Machines Corporation.bInternational Technical Support Organization.2 aebrary, Inc. 0aIBM redbooks.40uhttp://site.ebrary.com/lib/rucke/Doc?id=10112357zAn electronic book accessible through the World Wide Web; click to view